Języki urzędowe Boliwii - Statystyki

Ogólne statystyki
  • Ten quiz został rozwiązany 55 razy
  • Średni wynik to 1 z 37
Statystyki odpowiedzi
Język % Poprawnych
Hiszpański
98%
Keczua
20%
Ajmara
10%
Guarani
10%
Araona
2%
Canichana
2%
Yuki
2%
Baure
0%
Bésiro
0%
Cavineño
0%
Cayubaba
0%
Chácobo
0%
Chimán
0%
Ese ejja
0%
Guarasu’we
0%
Guarayu
0%
Itonama
0%
Leco
0%
Machajuyai-kallawaya
0%
Machineri
0%
Maropa
0%
Mojeño-ignaciano
0%
Mojeño-trinitario
0%
Moré
0%
Mosetén
0%
Movima
0%
Pacawara
0%
Puquina
0%
Sirionó
0%
Tacana
0%
Tapiete
0%
Toromona
0%
Uru-chipaya
0%
Weenhayek
0%
Yaminawa
0%
Yuracaré
0%
Zamuco
0%
Nie znaleziono quizów pasujących do podanych kryteriów
Rozkład punktacji
Procent ludzi z każdym wynikiem
Percentyl według liczby udzielonych odpowiedzi
Twoja historia wyników
Nie rozwiązałeś tego quizu